Lapin kunnat - Statistics

Yleistilastot
  • Tätä visaa on pelattu 128 kertaa
  • Keskiarvotulos 16 / 21
Vastaustilastot
Kuntamuoto Nimi % Oikein
maakunnan pääkaupunki Rovaniemi
100%
kunta Inari
96%
kunta Enontekiö
94%
kunta Utsjoki
88%
kaupunki Kemi
86%
kaupunki Tornio
82%
kunta Salla
80%
kunta Kittilä
78%
kunta Kolari
78%
kunta Sodankylä
78%
kaupunki Kemijärvi
74%
kunta Ylitornio
72%
kunta Pello
70%
kunta Savukoski
70%
kunta Muonio
68%
kunta Keminmaa
66%
kunta Posio
66%
kunta Ranua
64%
kunta Simo
64%
kunta Tervola
60%
kunta Pelkosenniemi
58%
Ehtoja vastaavia visoja ei löytynyt
Tulosjakauma
Jokaisen tuloksen saaneiden osuus
Persentiili vastausten määrän mukaan
Tuloshistoriasi
Et ole pelannut tätä visaa